The economics of middle eastern oil

Kaydedildi:
Detaylı Bibliyografya
Yazar: Charles Issawi
Materyal Türü: Kitap
Dil:Undetermined
Baskı/Yayın Bilgisi: New York Frederick A. Praeger 1962
Etiketler: Etiketle
Etiket eklenmemiş, İlk siz ekleyin!
Thư viện lưu trữ: Trung tâm Học liệu Trường Đại học Cần Thơ
LEADER 00350nam a2200121Ia 4500
001 CTU_85842
008 210402s9999 xx 000 0 und d
100 |a Charles Issawi 
245 4 |a The economics of middle eastern oil 
260 |a New York 
260 |b Frederick A. Praeger 
260 |c 1962 
980 |a Trung tâm Học liệu Trường Đại học Cần Thơ